Mapuche: resistiendo al capital y al Estado. El caso de la Coordinadora Arauco Malleco en Chile /
Enregistré dans:
| Auteur principal: | |
|---|---|
| Format: | Texte |
| Tags: |
Ajouter un tag
Pas de tags, Soyez le premier à ajouter un tag!
|
MARC
| LEADER | 00000 a a2200000 04500 | ||
|---|---|---|---|
| 001 | 48858 | ||
| 003 | |||
| 040 | |||
| 100 | |a Pineda, César Enrique | ||
| 245 | |a Mapuche: |b resistiendo al capital y al Estado. El caso de la Coordinadora Arauco Malleco en Chile / |c César Enrique Pineda | ||
| 773 | |g número59, (2014), páginas 99-128 | ||
| 999 | |c 36547 |d 36547 | ||
